00622 2200229 4500001002100000005001700021008004100038035002500079040001200104082000800116090001300124245006100137250002100198260003500219300003000254650002400284850001200308990001800320990001800338990001800356990001800374YOGYA-0209000007136020150515140006.0 ind  a0010-020900000071360 aYOPDYOG a634 a634bMem aMEMBUAT tanaman cepat berbuahcSaptarini N. ... [et.al.] aEd. rev, cet. 24 aJakartabPenebar Swadayac2007 aviii, 72 hlmbilusc21 cm aTanaman buah-buahan aYOPDYOG a34272-PD/A.08 a34271-PD/A.08 a34270-PD/A.08 a34269-PD/A.08